Zwierzęta - zakres wojewódzkiego konkursu kuratoryjnego - Statystyki

Ogólne statystyki
  • Ten quiz został rozwiązany 25 razy
  • Średni wynik to 36 z 85
Statystyki odpowiedzi
Obrazkowy Odpowiedź % Poprawnych
wilk
100%
borsuk
89%
ryś
89%
sarna
89%
sroka
89%
bóbr
78%
bocian biały
78%
dzik
78%
kruk
78%
łoś
78%
szczupak
78%
żmija zygzakowata
78%
żubr
78%
daniel
67%
dzięcioł czarny
67%
łasica
67%
salamandra plamista
67%
szerszeń
67%
zaskroniec
67%
żbik
67%
żuraw
67%
bocian czarny
56%
czapla siwa
56%
dudek
56%
gil
56%
jeleń szlachetny
56%
kawka
56%
kozica
56%
kuna leśna
56%
pszczoła miodna
56%
wróbel
56%
dzięcioł duży
44%
głuszec
44%
grubodziób
44%
jastrząb
44%
jaszczurka zwinka
44%
jerzyk
44%
kos
44%
krzyżówka
44%
mazurek
44%
padalec
44%
paź królowej
44%
perkoz dwuczuby
44%
śledź
44%
ślimak winniczek
44%
sójka
44%
traszka grzebieniasta
44%
bąk
33%
bielik
33%
dzięcioł zielony
33%
jelonek rogacz
33%
kosarz
33%
nartnik
33%
rzekotka drzewna
33%
stonka ziemniaczana
33%
cietrzew
22%
jemiołuszka
22%
krzyżak ogrodowy
22%
kukułka
22%
łabędź niemy
22%
puszczyk
22%
rudzik
22%
szczygieł
22%
szpak
22%
wstężyk
22%
żaba wodna
22%
zięba
22%
bogatka
11%
chrabąszcz majowy
11%
grzywacz
11%
kormoran czarny
11%
kowalik
11%
kumak górski
11%
leszcz
11%
mewa pospolita
11%
modraszka
11%
pasikonik zielony
11%
pliszka siwa
11%
remiz
11%
rusałka pawik
11%
wilga
11%
ropucha paskówka
0%
traszka zwyczajna
0%
żaba trawna
0%
żuk wiosenny
0%
Nie znaleziono quizów pasujących do podanych kryteriów
Rozkład punktacji
Procent ludzi z każdym wynikiem
Percentyl według liczby udzielonych odpowiedzi
Twoja historia wyników
Nie rozwiązałeś tego quizu